<?xml version="1.0" encoding="UTF-8"?><?xml-stylesheet type="text/xsl" href="static/style.xsl"?><OAI-PMH xmlns="http://www.openarchives.org/OAI/2.0/" xmlns:xsi="http://www.w3.org/2001/XMLSchema-instance" xsi:schemaLocation="http://www.openarchives.org/OAI/2.0/ http://www.openarchives.org/OAI/2.0/OAI-PMH.xsd"><responseDate>2026-04-14T08:54:48Z</responseDate><request verb="GetRecord" identifier="oai:www.recercat.cat:11351/1169" metadataPrefix="marc">https://recercat.cat/oai/request</request><GetRecord><record><header><identifier>oai:recercat.cat:11351/1169</identifier><datestamp>2025-10-24T10:53:46Z</datestamp><setSpec>com_2072_431750</setSpec><setSpec>com_2072_378040</setSpec><setSpec>col_2072_431761</setSpec></header><metadata><record xmlns="http://www.loc.gov/MARC21/slim" xmlns:dcterms="http://purl.org/dc/terms/" xmlns:xsi="http://www.w3.org/2001/XMLSchema-instance" xmlns:doc="http://www.lyncode.com/xoai" xsi:schemaLocation="http://www.loc.gov/MARC21/slim http://www.loc.gov/standards/marcxml/schema/MARC21slim.xsd">
   <leader>00925njm 22002777a 4500</leader>
   <datafield ind2=" " ind1=" " tag="042">
      <subfield code="a">dc</subfield>
   </datafield>
   <datafield ind2=" " ind1=" " tag="260">
      <subfield code="c">2015-02-02T12:22:32Z</subfield>
   </datafield>
   <datafield ind2=" " ind1=" " tag="260">
      <subfield code="c">2015-02-02T12:22:32Z</subfield>
   </datafield>
   <datafield ind2=" " ind1=" " tag="260">
      <subfield code="c">2012-12</subfield>
   </datafield>
   <datafield ind2=" " ind1=" " tag="520">
      <subfield code="a">APPCC; Requisits d'higiene; Elaboració d'oli d'oliva; HACCP; Hygiene requirements; Elaboration of olive oil; HACCP; Requisitos de higiene; Elaboración de aceite de oliva</subfield>
   </datafield>
   <datafield ind2=" " ind1=" " tag="520">
      <subfield code="a">L’objectiu d’aquesta Guia de pràctiques correctes d’higiene per a l’elaboració d’oli d’oliva verge&#xd;
és identificar i avaluar els diferents perills significatius per a la seguretat alimentària a l’hora&#xd;
d’elaborar l’oli d’oliva verge, d’acord amb les diferents referències legislatives, així com establir&#xd;
unes mesures i/o pràctiques que serveixin per eliminar o reduir els perills a nivells acceptables&#xd;
per garantir la protecció de la salut dels consumidors.</subfield>
   </datafield>
   <datafield ind1="8" ind2=" " tag="024">
      <subfield code="a">http://hdl.handle.net/11351/1169</subfield>
   </datafield>
   <datafield tag="653" ind2=" " ind1=" ">
      <subfield code="a">Oli d'oliva - Indústria i comerç - Aspectes higiènics</subfield>
   </datafield>
   <datafield tag="653" ind2=" " ind1=" ">
      <subfield code="a">Anàlisi de perills i punts de control crític</subfield>
   </datafield>
   <datafield tag="653" ind2=" " ind1=" ">
      <subfield code="a">TECHNOLOGY, INDUSTRY, AGRICULTURE::Technology, Industry, and Agriculture::Industry::Food Industry::Food Technology::Food Quality::Food Safety::Hazard Analysis and Critical Control Points</subfield>
   </datafield>
   <datafield tag="653" ind2=" " ind1=" ">
      <subfield code="a">HEALTH SURVEILLANCE::Health Surveillance of Products::Control and Sanitary Supervision of Foods and Beverages::Food Production::Food Inspection::Food Handling::Food Hygiene</subfield>
   </datafield>
   <datafield tag="653" ind2=" " ind1=" ">
      <subfield code="a">HEALTH SURVEILLANCE::Health Surveillance of Products::Control and Sanitary Supervision of Foods and Beverages::Food::Industrialized Foods::Vegetable Fats</subfield>
   </datafield>
   <datafield tag="653" ind2=" " ind1=" ">
      <subfield code="a">TECNOLOGÍA, INDUSTRIA Y AGRICULTURA::tecnología, industria y agricultura::industria::industria de alimentos::tecnología de alimentos::calidad alimentaria::inocuidad de los alimentos::análisis de peligros y puntos de control críticos</subfield>
   </datafield>
   <datafield tag="653" ind2=" " ind1=" ">
      <subfield code="a">VIGILANCIA SANITARIA::control sanitario de productos::control y supervisión sanitaria de alimentos y bebidas::producción de alimentos::inspección alimentaria::manipulación de alimentos::higiene alimentaria</subfield>
   </datafield>
   <datafield tag="653" ind2=" " ind1=" ">
      <subfield code="a">VIGILANCIA SANITARIA::control sanitario de productos::control y supervisión sanitaria de alimentos y bebidas::alimentos::alimentos industrializados::grasas vegetales</subfield>
   </datafield>
   <datafield ind2="0" ind1="0" tag="245">
      <subfield code="a">Guia de pràctiques correctes d'higiene per a l'elaboració d'oli d'oliva verge</subfield>
   </datafield>
</record></metadata></record></GetRecord></OAI-PMH>